Small ruminants in the Near East /

Bibliographic Details
Corporate Author: Expert Consultation on Small Ruminant Research and Development in the Near East
Other Authors: Qureshi, A. W. (Abdul Wahab), Fitzhugh, H. A., 1939-
Format: Conference Proceeding Book
Language:English
Published: Rome : Food and Agriculture Organization of the United Nations, 1987-
Series:FAO animal production and health paper ; 54, etc.
Subjects:

MARC

Tag First Indicator Second Indicator Subfields
LEADER 00000cam a2200000 a 4500
001 in00000026014
005 20151007055756.0
008 871217m19879999it ab b i10000 eng
010 |a  87211203  
020 |a 9251025169 (pbk. : v. 1) 
035 |a (OCoLC)17841396 
035 |9 AAB9228AM 
040 |a DLC  |c DLC  |d TXA  |d UtOrBLW 
043 |a aw----- 
049 |a TXAM  |v 2 [A11674631]  |v 3 [A12999288] 
050 0 0 |a SF375.5.M628  |b S63 1987 
082 0 |a 636.3/00956  |2 19 
245 0 0 |a Small ruminants in the Near East /  |c technical editors, A.W. Qureshi, H.A. Fitzhugh. 
264 1 |a Rome :  |b Food and Agriculture Organization of the United Nations,  |c 1987- 
300 |a volumes :  |b illustrations, maps ;  |c 30 cm. 
336 |a text  |b txt  |2 rdacontent 
337 |a unmediated  |b n  |2 rdamedia 
338 |a volume  |b nc  |2 rdacarrier 
490 1 |a FAO animal production and health paper ;  |v 54 
504 |a Includes bibliographies. 
505 1 |a v. 1. Selected papers prepared for the Expert Consultation on Small Ruminant Research and Development in the Near East, 23-27 October 1985, Tunis -- v. 2. Selected articles from World animal review, 1972-1986. 
650 0 |a Sheep  |z Middle East  |x Congresses. 
650 0 |a Goats  |z Middle East  |x Congresses. 
700 1 |a Qureshi, A. W.  |q (Abdul Wahab) 
700 1 |a Fitzhugh, H. A.,  |d 1939- 
740 0 |a World animal review. 
711 2 |a Expert Consultation on Small Ruminant Research and Development in the Near East  |d (1985 :  |c Tunis, Tunisia) 
830 0 |a FAO animal production and health paper ;  |v 54, etc. 
999 |a MARS 
999 f f |s 29260fcc-f4fd-3ed7-a4d7-ae9bb1ed7c7e  |i 61a92c08-3fdc-3236-ab13-6f933c111354  |t 0 
952 f f |p ric  |a Texas A&M University  |b Rellis Campus  |c Joint Library Facility  |d Remote Storage  |t 0  |e SF375.5.M628 S63 1987  |h Library of Congress classification  |i unmediated -- volume  |k v.1  |m A14813752778 
952 f f |p ric  |a Texas A&M University  |b Rellis Campus  |c Joint Library Facility  |d Remote Storage  |t 0  |e SF375.5.M628 S63 1987  |h Library of Congress classification  |i unmediated -- volume  |k v.2  |m A14811674631 
952 f f |p normal  |a Texas A&M University  |b College Station  |c Sterling C. Evans Library  |d Evans: Library Stacks  |t 0  |e SF375.5.M628 S63 1987  |h Library of Congress classification  |i unmediated -- volume  |k v.3  |m A14812999288 
998 f f |a SF375.5.M628 S63 1987  |s v.1-v.3  |t 0  |l Remote Storage 
998 f f |a SF375.5.M628 S63 1987  |s v.1-v.3  |t 0  |l Evans: Library Stacks